000 01135cab a22002175a 4500
001 L152170
008 110207e20110117xxk 000 0 eng d
035 _a(Sirsi) u152170
041 0 _aeng
110 2 _aEuroProperty
_91216
245 0 0 _aSurvey
_bBenelux countries
260 _c2011
490 _aEuroProperty
_v17 January 2011, 17-21(5)
520 _aDTZ warned about the vacancy rate in the Dutch office market where there is a clear danger of oversupply. Flexible working is seen as one of the factors increasing vacancy rates. Germans remain the most active foreign investors in the Dutch market. Overall investment in Belgian real estate in 2010 totalled around Euros 1.6bn similar to 2009. The Brussels office market is hampered by high vacancies, rating downgrades and administrative issues. Luxembourg office rents are bottoming out but with little product in the pipeline vacancy rates are predicted to fall to 7% in 2011.
590 _aKA
651 4 _aBelgium
651 4 _aNetherlands
651 4 _aLuxembourg
690 _aPROPERTY-COMMERCIAL PROPERTY-COMMERCIAL PROPERTY FINANCE AND INVESTMENT
942 _n0
999 _c82899
_d82899